Les plus grandes villes de Seine-et-Marne - Statistiques

Statistiques générales
  • Ce quiz a été pris 589 fois
    300 depuis la dernière actualisation
  • Le résultat moyen est 10 sur 20
Statistiques - réponses
Population Villes % Correct
42 367 Melun
97%
55 616 Meaux
95%
22 444 Torcy
72%
54 309 Chelles
67%
15 945 Fontainebleau
66%
38 258 Pontault-Combault
55%
30 510 Savigny-le-Temple
51%
25 695 Champs-sur-Marne
42%
19 213 Brie-Comte-Robert
41%
26 571 Bussy-Saint-Georges
41%
21 191 Lagny-sur-Marne
39%
22 259 Montereau-Fault-Yonne
39%
23 061 Roissy-en-Brie
39%
22 845 Dammarie-les-Lys
36%
20 207 La Mée-sur-Seine
36%
20 692 Ozoir-la-Ferrière
35%
20 627 Mitry-Mory
31%
26 822 Villeparisis
30%
22 240 Combs-la-Ville
29%
18 248 Moissy-Cramayel
28%
Aucun quiz correspondant
Distribution des résultats
% des personnes avec chaque résultat
Percentile par nombre de réponses
Votre historique - résultats
Vous n’avez pas pris ce quiz depuis la dernière actualisation